000 00555cam a22002171 4500
001 sa 64000527
003 DLC
005 20260227111956.0
008 890703s1962 ii ac 000 0 maro
010 _asa 64000527
035 _a(OCoLC)19958912
040 _aDLC
_cWaU
_dDLC
042 _apremarc
050 0 0 _aDS479.1.T54
_bK3 1962
100 1 _aKarandikar, S. L.,
_d1899-
245 1 0 _aTiḷaka-Bhārata.
260 _c[1962]
300 _a312 p.
_billus., ports.
_c19 cm.
500 _aIn Marathi.
600 1 0 _aTilak, Bal Gangadhar,
_d1856-1920.
999 _c56290
_d56290